|
|
|
|
| LEADER |
00000nam0a2200000 4500 |
| 001 |
123179 |
| 005 |
20231031130414.0 |
| 010 |
|
|
|a 5280008923
|
| 020 |
|
|
|a RU
|b 89-8449
|
| 035 |
|
|
|a (RuTPU)RU\TPU\book\133350
|
| 090 |
|
|
|a 123179
|
| 100 |
|
|
|a 20071012d1989 m a0rusy5003 ca
|
| 101 |
0 |
|
|a rus
|
| 102 |
|
|
|a RU
|
| 105 |
|
|
|a y z 000gy
|
| 200 |
1 |
|
|a Парнас дыбом
|e литературные пародии
|f Э. С. Паперная, А. Г. Розенберг, А. М. Финкель
|g сост., погот. текста, вступ. ст. Л. Фризман
|
| 210 |
|
|
|a Москва
|c Художественная литература
|d 1989
|
| 215 |
|
|
|a 125,[1] с.
|d 17 см
|
| 225 |
1 |
|
|a Забытая книга
|
| 300 |
|
|
|a На обл. авт. не указаны.
|
| 327 |
1 |
|
|a Содерж.: Разделы: Собаки; Козлы; Веверлеи
|
| 610 |
1 |
|
|a эпиграммы
|
| 610 |
1 |
|
|a русская литература
|
| 610 |
1 |
|
|a пародии
|
| 610 |
1 |
|
|a сборники
|
| 675 |
|
|
|a Р2
|z rus
|v 3
|
| 700 |
|
1 |
|a Паперная
|b Э. С.
|g Эстер Соломоновна
|4 070
|
| 701 |
|
1 |
|a Розенберг
|b А. Г.
|g Александр Григорьевич
|
| 701 |
|
1 |
|a Финкель
|b А. М.
|g Александр Моисеевич
|
| 702 |
|
1 |
|a Фризман
|b Л.
|4 220
|
| 801 |
|
0 |
|a RU
|b RuMRKP
|c 19950417
|g psbo
|
| 801 |
|
2 |
|a RU
|b 63413507
|c 20071207
|g PSBO
|
| 942 |
|
|
|c BK
|